000 00745nam a2200241 i 4500
003 DO-SdBNP
005 20240425110545.0
007 ta
008 240425s2015 dr 000 j spa d
040 _aDO-SdBNP
_bspa
_cBNPHU
_erda
082 _bI73
_222
100 _aIsa, Minerva
_936027
_eautora
245 1 0 _aPadre Arturo :
_bel crimen de Monte Plata /
_cMinerva Isa ; edición Rafael Bello Peguero
264 1 _aSanto Domingo :
_bAmigo del Hogar,
_c2015.
300 _a15 páginas,
_c21 cm.
336 _2rdacontent
_atexto
_btxt
337 _2rdamedia
_asin mediación
_bn
338 _2rdacarrier
_avolumen
_bnc
590 _aInventariado, 2024/ YL
700 _aBello Peguero, Rafael
_eeditor
910 _aYLockward
942 _2ddc
_cLF2
999 _c56507
_d56507